000 00513nam a2200205Ia 4500
008 210210b2010 xxu||||| |||| 00| 0 eng d
020 _a9781412923842
041 _aeng
082 _a658.4 HANU
100 _aHANCOCK (Philip)
245 _aUnderstanding corporate life
260 _aLos Angeles
_bSage Publications
_c2010
300 _aviii,212
650 _aUnderstanding
650 _alife
650 _acorporate
690 _aExecutive Management
700 _aSPICER (Andre) Ed
906 _a066031
999 _c146811
_d146811